000 00959cam a2200301 a 4500
001 972138
003 OSt
005 20140310182031.0
008 850327s1985 oru b 000 0 eng
010 _a 85061075
020 _a0890814910 (pbk.)
040 _aDLC
_cDLC
_dDLC
050 0 0 _aBT 153
_b.M478 1985
082 0 0 _aHS 231.619
_bMc11 1985
100 1 _aMcClung, Floyd.
_910229
245 1 4 _aThe father heart of God :
_bGod loves you, learn to know his compassionate touch /
_cFloyd McClung, Jr.
260 _aEugene, Or. :
_bHarvest House Publishers,
_cc1985.
300 _a140 p. ;
_c21 cm.
500 _aBibliography: p. [141].
562 _eFor circulation. 2 copies available in the collection
650 0 _aGod (Christianity)
_xFatherhood.
_910230
650 0 _aGod (Christianity)
_xLove.
_910231
650 0 _aConsolation.
_91338
906 _a7
_bcbc
_corignew
_d3
_eopcn
_f19
_gy-gencatlg
942 _2lcc
999 _c8562
_d8562